|
|
|
|
| LEADER |
01186nam a22003732i 4500 |
| 001 |
001516829 |
| 003 |
CZ BrMZK |
| 005 |
20160718144858.0 |
| 007 |
ta |
| 008 |
160315s1989 xo er|||||||||||hun d |
| 020 |
|
|
|a 80-7089-019-3
|
| 040 |
|
|
|a PNA001
|b cze
|d BOA001
|e rda
|
| 041 |
1 |
|
|a hun
|h slo
|
| 072 |
|
7 |
|x Literatura (teorie)
|a 82.0
|2 Konspekt
|9 11
|
| 080 |
9 |
|
|a 82.0
|
| 080 |
9 |
|
|a 821.162.4
|
| 080 |
9 |
|
|a 82-31
|
| 080 |
9 |
|
|a 885.4.0-31
|
| 100 |
1 |
|
|a Števček, Ján,
|d 1929-1996
|7 ola2002153820
|4 aut
|
| 245 |
1 |
0 |
|a Esztétikai nézöpontok :
|b tanulmányok a szlovák irodalom köréböl /
|c Ján Števček
|
| 250 |
|
|
|a 1. magyar nyelvü kiadás
|
| 264 |
|
1 |
|a Bratislava :
|b Madách,
|c 1989
|
| 300 |
|
|
|a 192 stran
|
| 336 |
|
|
|a text
|b txt
|2 rdacontent
|
| 337 |
|
|
|a bez média
|b n
|2 rdamedia
|
| 338 |
|
|
|a svazek
|b nc
|2 rdacarrier
|
| 500 |
|
|
|a Přeloženo ze slovenštiny
|
| 650 |
0 |
7 |
|a literatura
|7 ph117222
|2 czenas
|
| 650 |
0 |
7 |
|a literární estetika
|7 ph122381
|2 czenas
|
| 650 |
0 |
7 |
|a próza
|7 ph115919
|2 czenas
|
| 910 |
|
|
|a BOA001
|b M2-0954.844
|
| 990 |
|
|
|a BK
|
| 991 |
|
|
|b 201603
|
| 996 |
7 |
|
|b 2619148397
|c M2-0954.844
|l MZK
|r Sklad / do 24 hodin
|n 0
|w 001551984
|u 000010
|a 1
|e BOA001
|j MZK50
|s A
|